| 000 | 00446nam a2200181Ia 4500 | ||
|---|---|---|---|
| 001 | 15787 | ||
| 005 | 20260306170221.0 | ||
| 008 | 260306t2010||||xx |||||||||||||| ||und|| | ||
| 041 | _aESP | ||
| 082 |
_a620.1 _bG22 |
||
| 100 |
_aGarcía Gutiérrez, Luis _eAUT |
||
| 245 | 0 | _aInstrumentación básica de medida y control | |
| 260 | _c2010 | ||
| 300 |
_a141 páginas : _c24 cm. |
||
| 650 | _aGEN | ||
| 654 | _aCII | ||
| 942 |
_cLIB _dJUS _fJUS _2ddc _n |
||
| 999 |
_c15787 _d15787 |
||